Автоматизированная система формирования и ведения регистра детей с бронхолёгочной патологией в Областной детской больнице города Томска; Инновационные технологии и экономика в машиностроении

Dades bibliogràfiques
Parent link:Инновационные технологии и экономика в машиностроении.— 2007.— С. 321-328
Autor principal: Исаков М. Н.
Altres autors: Бондарь Е. И.
Idioma:rus
Publicat: 2007
Matèries:
Format: Capítol de llibre
KOHA link:https://koha.lib.tpu.ru/cgi-bin/koha/opac-detail.pl?biblionumber=135581

MARC

LEADER 00000naa2a2200000 4500
001 135581
005 20231031140143.0
035 |a (RuTPU)RU\TPU\book\146935 
090 |a 135581 
100 |a 20080414d2007 k y0rusy50 ca 
101 0 |a rus 
102 |a RU 
200 1 |a Автоматизированная система формирования и ведения регистра детей с бронхолёгочной патологией в Областной детской больнице города Томска  |f М. Н. Исаков, Е. И. Бондарь 
320 |a Библиогр.: 2 назв. 
463 0 |0 (RuTPU)RU\TPU\book\136479  |t Инновационные технологии и экономика в машиностроении  |o V Всероссийская научно-практическая конференция с международным участием, г. Юрга 14-15 сентября 2007 г.  |o труды  |f Томский политехнический университет (ТПУ) ; Юргинский технологический институт (филиал) ; под ред. Д. А. Чинахова  |v С. 321-328  |d 2007  |p 558 с. 
610 1 |a дети 
610 1 |a регистры 
610 1 |a автоматизированные системы 
610 1 |a бронхолёгочные патологии 
610 1 |a детские больницы 
610 1 |a Томск 
610 1 |a Областная детская больница 
610 1 |a труды учёных ТПУ 
700 1 |a Исаков  |b М. Н. 
701 1 |a Бондарь  |b Е. И. 
801 1 |a RU  |b 63413507  |c 20080414  |g PSBO 
801 2 |a RU  |b 63413507  |c 20080414  |g PSBO 
942 |c BK